[Event "SKESK-ch"]
[Site "Kalavryta"]
[Date "1997.??.??"]
[Round "7"]
[White "Tzermiadianos, Andreas"]
[Black "Bleker, G."]
[Result "1-0"]
[WhiteElo "2420"]
[BlackElo "2000"]
[PlyCount "55"]
[EventDate "1997.??.??"]
[EventType "tourn"]
[EventRounds "11"]
[EventCountry "GRE"]
[EventCategory "2"]
[SourceTitle "EXT 2001"]
[Source "ChessBase"]
[SourceDate "2000.11.22"]
[SourceVersion "1"]
[SourceVersionDate "2000.11.22"]
[SourceQuality "1"]

1. e4 c6 2. c4 d5 3. cxd5 cxd5 4. exd5 Nf6 5. Qa4+ Bd7 6. Qb3 Qb6 7. Bc4 Qxb3 8. Bxb3 g6 9. Nc3 Bg7 10. Nf3 0-0 11. 0-0 Rd8 12. Re1 Kf8 13. d4 Be8 14. Bg5 Na6 15. Bxf6 Bxf6 16. Ne5 Nc7 17. Rad1 Nb5 18. Nxb5 Bxb5 19. Rc1 Rac8 20. f4 Kg7 21. g3 Kf8 22. Rc3 Ke8 23. Rec1 Bd7 24. Kf2 h5 25. Ke3 Bf5 26. h4 a6 27. a4 Bd7 28. a5 1-0